000 00744nam a2200241 a 4500
003 DO-SdBNP
005 20251017124518.0
007 ta
008 220120e2021 dr ac||gr|||| 001 0dspa d
020 _a9789945099966
040 _aDO-SdBNP
_bspa
_cBNPHU
082 4 _222
_bG984m
245 _aMas allá de la piel:
_bsupera tus complejos,transforma tu vida /
_cKaren Lola Gutierrez
260 _aSanto Domingo :
_bPrin Studio,
_c2021
300 _a121 p.
_bil., retr.
_c19 cm.
500 _aIncluye datos biográficos de la autora: p. [124].
504 _aBibliografía: p. [127- 128]
590 _aInventariado 2022 / MF
650 4 _910825
_aSuperación Personal
650 0 _aSalud mental
_9803
910 _aMFéliz
942 _2ddc
_cLBS1
999 _c51211
_d51211